El amor crucificado / (Record no. 131627)

MARC details
000 -LEADER
campo de control de longitud fija 00557nam a2200169 4500
001 - NÚMERO DE CONTROL
campo de control 131627
003 - IDENTIFICADOR DE NÚMERO DE CONTROL
campo de control ES-MaACL
005 - FECHA Y HORA DE LA ÚLTIMA TRANSACCIÓN
campo de control 20230906194021.0
007 - CAMPO FIJO DE DESCRIPCIÓN FÍSICA--INFORMACIÓN GENERAL
campo de control de longitud fija t|
008 - DATOS DE LONGITUD FIJA--INFORMACIÓN GENERAL
campo de control de longitud fija 070214s1955 sp r ||||1| spa d
100 1# - ENTRADA PRINCIPAL--NOMBRE DE PERSONA
Nombre de persona Rodríguez-Buzón, Antonio.
9 (RLIN) 98389
245 13 - MENCIÓN DEL TÍTULO
Título El amor crucificado /
Mención de responsabilidad, etc. Antonio Rodríguez-Buzón ; prólogo de Manuel García Bravo-Ferrer.
260 ## - PUBLICACIÓN, DISTRIBUCIÓN, ETC.
Lugar de publicación, distribución, etc. Sevilla :
Nombre del editor, distribuidor, etc. [s.n.],
Fecha de publicación, distribución, etc. 1955 (
Fabricante Gráf. del Sur)
300 ## - DESCRIPCIÓN FÍSICA
Extensión 89 p., 4 lám. ;
Dimensiones 24 cm.
700 1# - ENTRADA AGREGADA--NOMBRE PERSONAL
Nombre de persona García Bravo-Ferrer, Manuel.
9 (RLIN) 54291
852 ## - LOCALIZACIÓN
Ubicación ES-MaACL
Número de control de estantería 1981-F-13
Sublocalización o colección R.37476
Holdings
Estatus retirado Estado de pérdida Estado de daño No para préstamo Colección Biblioteca de origen Biblioteca actual Ubicación en estantería Fecha de adquisición Fuente de adquisición Total de préstamos Signatura topográfica completa Código de barras Visto por última vez Precio de reemplazo Tipo de ítem Koha
        Colección de folletos Biblioteca del Ateneo de Madrid Biblioteca del Ateneo de Madrid Depósito folletos 17/01/2008     1981-F-13 1137029 23/02/2023 23/02/2023 Folleto